ბათუმის შოთა რუსთაველის სახელმწიფო უნივერსიტეტის ბიბლიოთეკა

Le Français des médecins (ბიბ.ჩანაწერი № 49535)

000 -LEADER
fixed length control field 00774nam a2200277Ia 4500
001 - CONTROL NUMBER
control field 16464
003 - CONTROL NUMBER IDENTIFIER
control field GE_BSU
008 - FIXED-LENGTH DATA ELEMENTS--GENERAL INFORMATION
fixed length control field 181216s||||||||xx |||||||||||||| ||und||
020 ## - INTERNATIONAL STANDARD BOOK NUMBER
International Standard Book Number 9782706122477
040 ## - CATALOGING SOURCE
Transcribing agency GE_BSU
080 ## - UNIVERSAL DECIMAL CLASSIFICATION NUMBER
Universal Decimal Classification number 811.133.1+61
100 ## - MAIN ENTRY--PERSONAL NAME
Personal name Fassier, Thomas, , Solange Talavera-Goy
245 ## - TITLE STATEMENT
Title Le Français des médecins
245 ## - TITLE STATEMENT
Remainder of title 40 vidéos pour communiquer a l'hopital
260 ## - PUBLICATION, DISTRIBUTION, ETC.
Place of publication, distribution, etc. Paris
260 ## - PUBLICATION, DISTRIBUTION, ETC.
Name of publisher, distributor, etc. Presses universitaires de Grenoble
260 ## - PUBLICATION, DISTRIBUTION, ETC.
Date of publication, distribution, etc. 2014
300 ## - PHYSICAL DESCRIPTION
Extent 333p;25cm
300 ## - PHYSICAL DESCRIPTION
Other physical details +1DVD
653 ## - INDEX TERM--UNCONTROLLED
Uncontrolled term Le Français des médecins
653 ## - INDEX TERM--UNCONTROLLED
Uncontrolled term მედიცინა
653 ## - INDEX TERM--UNCONTROLLED
Uncontrolled term საფრანგეთის ექიმები
653 ## - INDEX TERM--UNCONTROLLED
Uncontrolled term ფრანგული ენა
942 ## - ADDED ENTRY ELEMENTS (KOHA)
Koha item type წიგნი
ეგზემპლარები
Withdrawn status Lost status Damaged status Not for loan Date acquired Barcode Date last seen Price effective from Koha item type
        2018-12-17 41173 2018-12-17 2018-12-17 წიგნი